Città Italiane con più Omicidi Volontari - Statistics

Statistiche generali
  • Questo quiz è stato fatto 137 volte
  • Il punteggio medio è 6 su 20
Statistiche sulle risposte
Posizione Città N. denunce ogni 100.000 abitanti % Corretto
7 Napoli 39 1,3
97%
14 Catania 12 1,1
72%
4 Foggia 9 1,5
51%
18 Cagliari 7 0,9
45%
19 Taranto 5 0,9
37%
20 Rimini 3 0,9
36%
11 Livorno 4 1,2
30%
13 Modena 8 1,1
30%
15 Siracusa 4 1,0
29%
1 Enna 3 1,9
26%
3 Prato 4 1,5
24%
6 Imperia 3 1,4
23%
5 Nuoro 3 1,5
22%
2 Aosta 2 1,6
18%
12 Ferrara 4 1,2
18%
10 Mantova 5 1,2
15%
17 Pavia 5 0,9
15%
16 Reggio Emilia 5 1,0
14%
9 Viterbo 4 1,3
11%
8 Rovigo 3 1,3
9%
Nessun quiz corrispondente trovato
Distribuzione punteggi
Percentuale di utenti per punteggio
Percentile per numero di risposta
I tuoi punteggi nel tempo
Non hai fatto questo quiz